000 00360nam a2200133Ia 4500
008 231221s9999 xx 000 0 und d
020 _a978-0-387-31030-5
041 _aEnglish
100 _aMarkus F. Brameier, Wolfgang Banzhaf
245 0 _aLinear Genetic Programming
260 _c2007
_bSpringer US
_aNew York
650 _aComputer Science
942 _cEB
999 _c218110
_d218110